Bioinformatics (Record no. 329392)

000 -LEADER
fixed length control field 00425nam a22001337a 4500
003 - CONTROL NUMBER IDENTIFIER
control field ASAB
005 - DATE AND TIME OF LATEST TRANSACTION
control field 20170504123719.0
008 - FIXED-LENGTH DATA ELEMENTS--GENERAL INFORMATION
fixed length control field 140102t xxu||||| |||| 00| 0 eng d
020 ## - INTERNATIONAL STANDARD BOOK NUMBER
International Standard Book Number 978-81-239-1828-0
040 ## - CATALOGING SOURCE
Transcribing agency ASAB
082 ## - DEWEY DECIMAL CLASSIFICATION NUMBER
Classification number 572.86
245 ## - TITLE STATEMENT
Title Bioinformatics
Remainder of title Basic concepts of bioinformatics, biochemistry, Cell and molecular biology, molecular genetics and their Databse, computers and their applications in bioinformatics, applications of bioinformatics in industry and research, predictive methods and analysis.
Statement of responsibility, etc. BG Curran, RJ Walker, SC Bhatia
260 ## - PUBLICATION, DISTRIBUTION, ETC.
Place of publication, distribution, etc. New Delhi.
Name of publisher, distributor, etc. CBS Publishers & Distributors pvt. Ltd.
Date of publication, distribution, etc. 2010
300 ## - PHYSICAL DESCRIPTION
Extent 547 P
942 ## - ADDED ENTRY ELEMENTS (KOHA)
Source of classification or shelving scheme
Koha item type Book
Holdings
Withdrawn status Lost status Source of classification or shelving scheme Damaged status Not for loan Collection code Permanent Location Current Location Date acquired Total Checkouts Full call number Barcode Checked out Date last seen Date last checked out Price effective from Koha item type
            Central Library (CL) Central Library (CL) 05/04/2017 1 572.80285 CUR ASAB1673 04/11/2026 03/12/2026 03/12/2026 05/04/2017 Book
© 2023 Central Library, National University of Sciences and Technology. All Rights Reserved.